[Event "XXXIV C.to Italiano Seniores"]
[Site "Arvier ITA"]
[Date "2012.04.14"]
[Round "1"]
[White "Bisignano, Giuseppe"]
[Black "Nipote, Mario"]
[WhiteElo "1850"]
[BlackElo "1504"]
[Result "1-0"]
[PlyCount "40"]
[EventDate "2012.04.14"]

1. e4 c6 2. d4 d5 3. e5 c5 4. Nc3 cxd4 5. Qxd4 e6 6. Nf3 a6 7. Bd3 Nc6 8. Qg4
Nb4 9. Be3 Nxd3+ 10. cxd3 Ne7 11. Na4 Qa5+ 12. Ke2 Nf5 13. Rhc1 Nxe3 14. fxe3
Bd7 15. b3 b5 16. Nc5 g6 17. Qf4 Bxc5 18. Rxc5 O-O 19. Qh6 f6 20. exf6 Ra7 1-0

[Event "XXXIV C.to Italiano Seniores"]
[Site "Arvier ITA"]
[Date "2012.04.14"]
[Round "1"]
[White "Bogatto, Mario"]
[Black "Catalfamo, Santo"]
[WhiteElo "1421"]
[BlackElo "1794"]
[Result "1/2-1/2"]
[PlyCount "88"]
[EventDate "2012.04.14"]

1. c4 e5 2. Nc3 Nf6 3. Nf3 d6 4. e4 Nc6 5. d3 Be7 6. Bg5 Ng4 7. Bxe7 Nxe7 8. h3
Nf6 9. Be2 Be6 10. d4 Ng6 11. dxe5 dxe5 12. Qxd8+ Rxd8 13. Rd1 O-O 14. O-O h6
15. Rfe1 c6 16. b3 Nd7 17. Nh2 Nf4 18. Bg4 h5 19. Bxe6 Nxe6 20. Nf3 f6 21. Rd6
Kf7 22. Red1 Ke7 23. Nh4 Nd4 24. R6xd4 exd4 25. Rxd4 Kf7 26. Kf1 Nc5 27. Rxd8
Rxd8 28. Ke2 g6 29. g3 Re8 30. f3 Rd8 31. Ng2 a6 32. Ne3 b5 33. cxb5 axb5 34.
b4 Ne6 35. Nc2 Ng5 36. h4 Nxf3 37. Ke3 Ne5 38. Nd4 Ra8 39. Kd2 Rd8 40. Ke3 Ng4+
41. Kd3 Rd6 42. Nce2 Ne5+ 43. Kc3 Rd8 44. Nf4 Ra8 1/2-1/2

[Event "XXXIV C.to Italiano Seniores"]
[Site "Arvier ITA"]
[Date "2012.04.14"]
[Round "1"]
[White "Bonino, Silvano"]
[Black "Papa, Angelo"]
[WhiteElo "1516"]
[BlackElo "1852"]
[Result "0-1"]
[PlyCount "66"]
[EventDate "2012.04.14"]

1. d4 g6 2. Bf4 Bg7 3. Qd2 d6 4. c4 c5 5. dxc5 dxc5 6. Qxd8+ Kxd8 7. Nc3 Bxc3+
8. bxc3 Nd7 9. O-O-O Ngf6 10. Be5 Ke8 11. Bxf6 Nxf6 12. f3 b6 13. e4 Bb7 14.
Nh3 e5 15. Bd3 Ke7 16. Bc2 Rhd8 17. Rxd8 Rxd8 18. Rd1 Rxd1+ 19. Kxd1 Ba6 20.
Bb3 Ne8 21. Kd2 Nd6 22. Kd3 h6 23. a4 Ke6 24. Nf2 f6 25. Ng4 h5 26. Ne3 f5 27.
Nd5 Bb7 28. Ke3 g5 29. g3 f4+ 30. gxf4 exf4+ 31. Kd3 Ke5 32. Nc7 g4 33. Nb5 g3
0-1

[Event "XXXIV C.to Italiano Seniores"]
[Site "Arvier ITA"]
[Date "2012.04.14"]
[Round "1"]
[White "Cavatorta, Fosco"]
[Black "Berendino, Giacomo"]
[WhiteElo "1929"]
[BlackElo "1576"]
[Result "0-1"]
[PlyCount "102"]
[EventDate "2012.04.14"]

1. d4 d5 2. Nf3 Nf6 3. e3 Nbd7 4. Bd3 c6 5. O-O Qc7 6. Nbd2 e5 7. e4 Bd6 8.
exd5 cxd5 9. dxe5 Nxe5 10. Nxe5 Bxe5 11. Nf3 Bf4 12. Bb5+ Kf8 13. h3 Bh2+ 14.
Kh1 h5 15. Qd3 Bd6 16. c3 Bd7 17. Nd4 Ng4 18. Bxd7 Qxd7 19. Qf5 Qe7 20. Bf4
Bxf4 21. Qxf4 Qf6 22. Qxf6 Nxf6 23. f3 g6 24. Rfe1 a6 25. Kh2 Kg7 26. Kg3 Rhe8
27. Kf4 Kh6 28. h4 Rxe1 29. Rxe1 Re8 30. Rxe8 Nxe8 31. Ke5 g5 32. Nf5+ Kg6 33.
Ne7+ Kh6 34. Ng8+ Kg6 35. Ne7+ Kh6 36. hxg5+ Kxg5 37. f4+ Kg4 38. Nxd5 Kg3 39.
Kf5 h4 40. Kg5 f6+ 41. Kh5 Ng7+ 42. Kg6 Kxg2 43. f5 Kf3 44. Nxf6 h3 45. Kxg7 h2
46. Ne8 h1=Q 47. f6 Qg2+ 48. Kf8 Kf4 49. f7 Qg5 50. Ng7 Ke5 51. Ne6 Kxe6 0-1

[Event "XXXIV C.to Italiano Seniores"]
[Site "Arvier ITA"]
[Date "2012.04.14"]
[Round "1"]
[White "Centofante, Maria Rosa"]
[Black "Giani, Franco"]
[WhiteElo "1608"]
[BlackElo "1942"]
[Result "0-1"]
[PlyCount "101"]
[EventDate "2012.04.14"]

1. d4 c5 2. d5 d6 3. c4 Nf6 4. Nc3 e5 5. e4 Be7 6. Bd3 O-O 7. h3 Na6 8. a3 Bd7
9. Nge2 Nc7 10. O-O a6 11. f4 b5 12. Bd2 bxc4 13. Bxc4 Nb5 14. Qc2 Rc8 15. Qd3
Rb8 16. b3 Nd4 17. Nxd4 cxd4 18. Ne2 Bb5 19. Bxb5 axb5 20. Bb4 Nd7 21. fxe5
dxe5 22. d6 Bg5 23. Ng3 g6 24. Rf3 f6 25. Ra2 Rf7 26. Rc2 Nf8 27. Rc6 Ne6 28.
Ne2 Qd7 29. Rc2 Be3+ 30. Kh1 Qb7 31. Kh2 Ng5 32. Rf1 Nxe4 33. Rc7 Rxc7 34. dxc7
Rc8 35. Ba5 f5 36. g3 Qd5 37. Nc1 Qc6 38. Na2 Nc5 39. Nb4 Qd7 40. Qb1 d3 41.
Rd1 e4 42. Na2 Qd6 43. Bd2 Bxd2 44. Rxd2 e3 45. Rd1 e2 46. Rd2 Rxc7 47. b4 Qe5
48. Qe1 f4 49. bxc5 fxg3+ 50. Kg2 Qe3 51. Rxe2 0-1

[Event "XXXIV C.to Italiano Seniores"]
[Site "Arvier ITA"]
[Date "2012.04.14"]
[Round "1"]
[White "Chiandussi, Livio"]
[Black "Brioschi, Camillo"]
[WhiteElo "1484"]
[BlackElo "1839"]
[Result "0-1"]
[PlyCount "86"]
[EventDate "2012.04.14"]

1. d4 Nf6 2. c4 g6 3. Nc3 d5 4. Nxd5 Nxd5 5. cxd5 Qxd5 6. Nf3 Bg7 7. Bf4 c5 8.
e3 Nc6 9. Bb5 O-O 10. Bxc6 bxc6 11. O-O cxd4 12. exd4 Bg4 13. Be3 Bxf3 14. Qxf3
Qxf3 15. gxf3 Rfd8 16. Rfd1 Rd5 17. Rac1 Rc8 18. f4 Kf8 19. Rc4 Ke8 20. b4 a5
21. a3 axb4 22. axb4 Kd7 23. Kg2 e6 24. Kf3 Bf8 25. Ra1 Rb5 26. Bd2 Bd6 27.
Ra7+ Rc7 28. Ra8 Rcb7 29. Ra4 Rh5 30. Kg3 g5 31. h3 gxf4+ 32. Kg4 Rh6 33. Ra5
f5+ 34. Kf3 Rxh3+ 35. Kg2 Rd3 36. Be1 Rd1 37. Bc3 Rc1 38. Ra6 Rc7 39. Rb6 e5
40. dxe5 Bxe5 41. Bxe5 Rxc4 42. Bxc7 Kxc7 43. Ra6 Rxb4 0-1

[Event "XXXIV C.to Italiano Seniores"]
[Site "Arvier ITA"]
[Date "2012.04.14"]
[Round "1"]
[White "Goli, Daniele"]
[Black "Piazza, Giacomo"]
[WhiteElo "1961"]
[BlackElo "1619"]
[Result "1-0"]
[PlyCount "131"]
[EventDate "2012.04.14"]

1. d4 Nf6 2. c4 e6 3. Nf3 Bb4+ 4. Bd2 Qe7 5. Nc3 c5 6. e3 Bxc3 7. Bxc3 Ne4 8.
Bd3 Nxc3 9. bxc3 b6 10. O-O Bb7 11. Qe2 d6 12. e4 Nd7 13. Nd2 h5 14. f4 O-O-O
15. a4 Nf6 16. a5 Qc7 17. axb6 axb6 18. e5 Ng4 19. Ne4 dxe5 20. fxe5 cxd4 21.
c5 Qxe5 22. Nd6+ Rxd6 23. Qxe5 Nxe5 24. cxd6 Nxd3 25. Rfd1 Nf4 26. g3 Ne2+ 27.
Kf2 Nxc3 28. Rxd4 Nd5 29. h3 Kd7 30. Ra7 Rb8 31. g4 Kxd6 32. g5 Ke5 33. Rc4 b5
34. Rc5 Kd6 35. Rxb5 Kc6 36. Rb3 f6 37. h4 fxg5 38. hxg5 Rf8+ 39. Kg3 Rf7 40.
g6 Re7 41. Ra2 Kd6 42. Kh3 Nf6 43. Rb6+ Ke5 44. Ra7 Rd7 45. Rbxb7 Rd3+ 46. Kg2
Ng4 47. Rxg7 h4 48. Rh7 Ne3+ 49. Kg1 Rd1+ 50. Kf2 Nf5 51. Ra3 Rd2+ 52. Kf3 Rh2
53. Ra5+ Kf6 54. g7 Nxg7 55. Rh6+ Kf7 56. Ra7+ Kg8 57. Rg6 Rb2 58. Rgxg7+ Kf8
59. Rh7 Rb3+ 60. Ke2 Rb2+ 61. Kd3 Kg8 62. Kd4 Rh2 63. Rhb7 Rf2 64. Rb8+ Rf8 65.
Rxf8+ Kxf8 66. Rh7 1-0

[Event "XXXIV C.to Italiano Seniores"]
[Site "Arvier ITA"]
[Date "2012.04.14"]
[Round "1"]
[White "Guaglianone, Mario"]
[Black "Nai, Giovanni"]
[WhiteElo "2016"]
[BlackElo "1651"]
[Result "1-0"]
[PlyCount "127"]
[EventDate "2012.04.14"]

1. d4 d5 2. Nf3 c5 3. c3 Nc6 4. dxc5 a5 5. Bf4 e6 6. e3 Bxc5 7. a4 Bd6 8. Bxd6
Qxd6 9. e4 Nf6 10. exd5 Qxd5 11. Nbd2 Bd7 12. Nc4 Qxd1+ 13. Rxd1 Ke7 14. Nb6
Rad8 15. Bb5 Bc8 16. Ke2 Na7 17. Ne5 Nxb5 18. axb5 Nd5 19. Nxc8+ Rxc8 20. c4
Nc7 21. Rd7+ Kf6 22. Nxf7 Rhf8 23. Nd6 Rcd8 24. Ne4+ Ke5 25. Nc5 Rc8 26. Nxb7
Nxb5 27. Kd3 Rxf2 28. Rxg7 h6 29. cxb5 Rxb2 30. Re1+ Kf6 31. Rd7 Rxb5 32. Nd8
Rb3+ 33. Ke2 Rb2+ 34. Kf1 Rb6 35. Nf7 Rb2 36. Nxh6 e5 37. Ng4+ Ke6 38. Ra7 Rc5
39. Ne3 e4 40. Ra6+ Ke5 41. Rxa5 Rxa5 42. Nc4+ Kf4 43. Nxb2 Ra2 44. Nd1 Rc2 45.
Ne3 Rb2 46. Re2 Rb5 47. Kf2 Rh5 48. g3+ Ke5 49. h4 Rh8 50. Ng2 Rf8+ 51. Nf4 Ra8
52. Rd2 Ra3 53. Rd5+ Kf6 54. Ne2 Rf3+ 55. Kg2 Ke6 56. Ra5 Rf8 57. Nf4+ Kf6 58.
g4 Rb8 59. g5+ Kg7 60. Ra7+ Kg8 61. Re7 Rb2+ 62. Kh3 Rb6 63. Kg4 Kf8 64. Re6
1-0

[Event "XXXIV C.to Italiano Seniores"]
[Site "Arvier ITA"]
[Date "2012.04.14"]
[Round "1"]
[White "Laco, Giuseppe"]
[Black "Cova, Ennio"]
[WhiteElo "2098"]
[BlackElo "1700"]
[Result "1-0"]
[PlyCount "55"]
[EventDate "2012.04.14"]

1. d4 Nf6 2. c4 g6 3. Nc3 Bg7 4. e4 d6 5. f3 O-O 6. Be3 Nbd7 7. Qd2 Re8 8.
O-O-O e5 9. d5 a6 10. g4 Nc5 11. h4 Bxg4 12. Bxc5 dxc5 13. fxg4 Nxg4 14. Qe2 h5
15. Rd3 a5 16. Nf3 a4 17. b3 Ra6 18. Bh3 Bh6+ 19. Kb1 Nf6 20. Rg1 Qe7 21. Ng5
Kh8 22. Rf3 Bg7 23. Qe3 Rf8 24. Rgf1 Kg8 25. Qf2 Rb6 26. Nxa4 Rd6 27. Qxc5 Nd7
28. Qxc7 1-0

[Event "XXXIV C.to Italiano Seniores"]
[Site "Arvier ITA"]
[Date "2012.04.14"]
[Round "1"]
[White "Lodi, Paolo"]
[Black "Beltrami, Nerio"]
[WhiteElo "1595"]
[BlackElo "1934"]
[Result "0-1"]
[PlyCount "57"]
[EventDate "2012.04.14"]

1. Nf3 Nf6 2. c4 g6 3. b4 Bg7 4. Bb2 O-O 5. g3 d6 6. Bg2 c5 7. d3 Nc6 8. Nbd2
Bd7 9. O-O Qc8 10. Re1 Bh3 11. Bh1 Qg4 12. e4 Nh5 13. Nf1 Bxf1 14. Rxf1 f5 15.
exf5 gxf5 16. Bg2 f4 17. h3 Qg6 18. g4 Nf6 19. Nh4 Qg5 20. Nf5 h5 21. Nxg7 Kxg7
22. f3 hxg4 23. fxg4 Rab8 24. Kh2 Rh8 25. Bf3 Qh4 26. Bg2 Qg3+ 27. Kg1 Rxh3 28.
Rf3 Qh2+ 29. Kf2 0-1

[Event "XXXIV C.to Italiano Seniores"]
[Site "Arvier ITA"]
[Date "2012.04.14"]
[Round "1"]
[White "Pierantoni, Guglielmo"]
[Black "Facchetti, Gianni"]
[WhiteElo "1693"]
[BlackElo "2090"]
[Result "0-1"]
[PlyCount "75"]
[EventDate "2012.04.14"]

1. e4 e5 2. Nf3 Nc6 3. Bb5 Bc5 4. c3 Nf6 5. d3 d6 6. h3 O-O 7. O-O h6 8. Be3
Bb6 9. Nbd2 Ne7 10. b4 c6 11. Ba4 Ng6 12. Nc4 Bc7 13. Rc1 b5 14. Nb2 bxa4 15.
Qxa4 Bd7 16. Qb3 a5 17. bxa5 Rxa5 18. Nc4 Rb5 19. Qa3 Qa8 20. Qa7 Qxa7 21. Bxa7
Ra8 22. Be3 Be6 23. Rb1 Rxa2 24. Rxb5 cxb5 25. Ncd2 Ba5 26. c4 bxc4 27. Nxc4
Bxc4 28. dxc4 Nxe4 29. Rd1 Ra4 30. Rc1 Bb4 31. Nh2 f5 32. f3 Ng3 33. Rd1 Ne2+
34. Kf2 Ra2 35. Kf1 Ng3+ 36. Kg1 Nh4 37. Bf2 Bc5 38. Bxc5 0-1

[Event "XXXIV C.to Italiano Seniores"]
[Site "Arvier ITA"]
[Date "2012.04.14"]
[Round "1"]
[White "Pipitone, Antonio"]
[Black "Jeanrenaud, Antonia"]
[WhiteElo "1941"]
[BlackElo "1597"]
[Result "1-0"]
[PlyCount "68"]
[EventDate "2012.04.14"]

1. e4 e5 2. Nf3 d6 3. d4 exd4 4. Qxd4 Nc6 5. Bb5 Nf6 6. Bg5 Bd7 7. Bxc6 Bxc6 8.
Nc3 Be7 9. O-O h6 10. Bh4 Nh5 11. Bxe7 Qxe7 12. Nd5 Bxd5 13. exd5 O-O 14. Rfe1
Qf6 15. Qb4 b6 16. Re4 Rfe8 17. Rae1 Rxe4 18. Rxe4 Qf5 19. Qc4 Nf6 20. Rd4 Re8
21. Qxc7 Nxd5 22. Qxd6 Nf6 23. Rd3 Re2 24. Rd2 Rxd2 25. Qxd2 Ne4 26. Qd3 g6 27.
h3 Qe6 28. b3 Nc5 29. Qd8+ Kh7 30. Qc7 Qe2 31. Qxf7+ Kh8 32. Qf6+ Kg8 33. Ne5
Qxc2 34. Qf7+ Kh8 1-0

[Event "XXXIV C.to Italiano Seniores"]
[Site "Arvier ITA"]
[Date "2012.04.14"]
[Round "1"]
[White "Quagliarella, Sabino Remo"]
[Black "Palermiti, Francesco"]
[WhiteElo "1901"]
[BlackElo "1545"]
[Result "1-0"]
[PlyCount "65"]
[EventDate "2012.04.14"]

1. d4 d5 2. Nf3 Nf6 3. Bf4 e6 4. e3 Bd6 5. Ne5 O-O 6. Bd3 a6 7. O-O Nbd7 8. Nd2
c5 9. Nxf7 Kxf7 10. Bxd6 Re8 11. dxc5 Nb8 12. c4 Nc6 13. a3 b6 14. b4 bxc5 15.
bxc5 Bd7 16. e4 dxe4 17. Nxe4 Kg8 18. Rb1 Nd4 19. Be5 Nf5 20. Bxf6 gxf6 21. Nd6
Re7 22. Be4 Ra7 23. Nxf5 exf5 24. Bxf5 Kh8 25. Rb6 Qf8 26. Qd4 Kg7 27. h4 Be8
28. Rbb1 Rad7 29. Qf4 Bg6 30. c6 Rc7 31. Rb7 Rc8 32. c7 Re4 33. Bxe4 1-0

[Event "XXXIV C.to Italiano Seniores"]
[Site "Arvier ITA"]
[Date "2012.04.14"]
[Round "1"]
[White "Renzini, Lorenzo"]
[Black "Iudicello, Giovanni"]
[WhiteElo "1745"]
[BlackElo "2159"]
[Result "0-1"]
[PlyCount "107"]
[EventDate "2012.04.14"]

1. c4 g6 2. g3 Bg7 3. Bg2 d6 4. Nc3 e5 5. e4 Nf6 6. Nge2 O-O 7. O-O Nc6 8. d3
Be6 9. Be3 Qd7 10. b3 Bh3 11. d4 Bxg2 12. Kxg2 Ng4 13. Nd5 Nxe3+ 14. fxe3 f6
15. Nec3 Rae8 16. Qd3 f5 17. exf5 gxf5 18. dxe5 Nxe5 19. Qd2 c6 20. Nf4 Ng4 21.
Rae1 Qe7 22. Nd1 Rf6 23. h3 Ne5 24. Nh5 Rff8 25. Nxg7 Kxg7 26. Qd4 a6 27. Re2
Rf6 28. Ref2 Ref8 29. Qh4 Ng6 30. Qd4 Qe5 31. Nc3 h5 32. Ne2 c5 33. Qxe5 dxe5
34. Nc3 Ne7 35. Rd1 R8f7 36. Rd7 Nc6 37. Rxf7+ Rxf7 38. Na4 Kg6 39. Nxc5 Rc7
40. Rd2 Nb4 41. Rd6+ Kf7 42. Rd7+ Rxd7 43. Nxd7 Nxa2 44. Nxe5+ Ke6 45. Nd3 b6
46. Kf3 a5 47. Kf4 Nc3 48. Kf3 Ne4 49. Nf4+ Ke5 50. Nd3+ Kf6 51. Kf4 Ng5 52. h4
Ne4 53. Ne5 Nc5 54. Nd7+ 0-1

[Event "XXXIV C.to Italiano Seniores"]
[Site "Arvier ITA"]
[Date "2012.04.14"]
[Round "1"]
[White "Rosino, Antonio"]
[Black "D'Aulisa, Francesco"]
[WhiteElo "2234"]
[BlackElo "1755"]
[Result "1/2-1/2"]
[PlyCount "123"]
[EventDate "2012.04.14"]

1. e4 d6 2. d4 e6 3. Nc3 a6 4. Nf3 h6 5. Be2 Ne7 6. Be3 Nd7 7. Qd2 b6 8. O-O
Bb7 9. Rfe1 g5 10. h3 Ng6 11. Rad1 Rg8 12. Nh2 e5 13. d5 Bc8 14. Bg4 Nf6 15.
Bxc8 Qxc8 16. Qe2 Nf4 17. Bxf4 gxf4 18. Qf3 Nh7 19. Kf1 Ng5 20. Qg4 Qxg4 21.
Nxg4 Rg6 22. f3 Be7 23. h4 h5 24. Nxe5 dxe5 25. hxg5 Rxg5 26. Ne2 O-O-O 27. Ng1
Rdg8 28. Re2 Bc5 29. c3 h4 30. Nh3 Rg3 31. Rc2 Rxf3+ 32. gxf3 Rg1+ 33. Ke2 Rg2+
34. Kd3 Rg3 35. Rf1 Rxh3 36. b4 Bd6 37. Rg2 Rg3 38. Rh2 Be7 39. Ke2 Kd7 40.
Rfh1 Kd6 41. Kf2 f5 42. exf5 Kxd5 43. Rxh4 Bxh4 44. Rxh4 Rg5 45. Rh7 Kd6 46. f6
Rf5 47. f7 c6 48. Rh6+ Kd5 49. c4+ Kxc4 50. Rxc6+ Kb5 51. Re6 Rxf7 52. a4+ Kxb4
53. Rxb6+ Ka5 54. Re6 Rf5 55. Ke2 Kxa4 56. Rxa6+ Kb5 57. Re6 Kc4 58. Re8 Rh5
59. Rc8+ Kd4 60. Rd8+ Kc4 61. Rc8+ Kd4 62. Rd8+ 1/2-1/2

[Event "XXXIV C.to Italiano Seniores"]
[Site "Arvier ITA"]
[Date "2012.04.14"]
[Round "1"]
[White "Scalfi, Agostino"]
[Black "Gardi, Giuseppe"]
[WhiteElo "1923"]
[BlackElo "2013"]
[Result "0-1"]
[PlyCount "72"]
[EventDate "2012.04.14"]

1. e4 g6 2. d4 Bg7 3. Nf3 d6 4. Be3 Nf6 5. Nc3 c6 6. Qd2 b5 7. Bd3 O-O 8. h3
Nbd7 9. Bh6 e5 10. Bxg7 Kxg7 11. b4 Re8 12. d5 cxd5 13. Bxb5 d4 14. Ne2 Nxe4
15. Qd3 Bb7 16. O-O a6 17. Ba4 Rc8 18. Nd2 Nc3 19. Nxc3 Rxc3 20. Qe2 d5 21.
Rad1 Re7 22. Nb1 Rc7 23. Rd3 Nb6 24. Bb3 Qd6 25. a3 Nc4 26. c3 dxc3 27. Rxc3
Nb6 28. Rfc1 d4 29. Rc5 Bd5 30. Bxd5 Nxd5 31. Qe4 Nf6 32. Qc2 Rxc5 33. bxc5 Qc6
34. Nd2 Nd5 35. Ne4 Nf4 36. f3 d3 0-1

[Event "XXXIV C.to Italiano Seniores"]
[Site "Arvier ITA"]
[Date "2012.04.14"]
[Round "1"]
[White "Spano' Cuomo, Gaetano"]
[Black "Lisandri, Luigi"]
[WhiteElo "1802"]
[BlackElo "1434"]
[Result "1-0"]
[PlyCount "111"]
[EventDate "2012.04.14"]

1. d4 e6 2. c4 c6 3. Nc3 Bb4 4. Nf3 Ba5 5. e3 Nf6 6. Bd2 d6 7. Bd3 Nbd7 8. O-O
O-O 9. e4 h6 10. Ne1 e5 11. d5 Nc5 12. Qe2 Bg4 13. f3 Bh5 14. Kh1 Qd7 15. Na4
Bxd2 16. Nxc5 dxc5 17. Qxd2 Rad8 18. Nc2 Qc7 19. Ne3 Bg6 20. Qf2 b6 21. Rfd1
Rd6 22. dxc6 Qxc6 23. Nd5 Nxd5 24. exd5 Qd7 25. Bxg6 Rxg6 26. Qc2 Rd6 27. Re1
f6 28. Re2 Qf7 29. Rae1 Qh5 30. h3 Qg5 31. Qd2 Qf5 32. Re4 h5 33. Qd3 g5 34. h4
Rf7 35. hxg5 Qxg5 36. b3 Rg7 37. R1e2 Rg6 38. f4 Qf5 39. fxe5 fxe5 40. Qd1 Qg5
41. Qe1 Rdf6 42. Rxe5 Qg4 43. Re8+ Kh7 44. R2e7+ Rg7 45. Qb1+ Qf5 46. Qxf5+
Rxf5 47. Rxg7+ Kxg7 48. Re7+ Kg6 49. Rxa7 Rf6 50. Rc7 Kg5 51. Kg1 Kg4 52. Rc6
Rf5 53. Rxb6 Kg3 54. Re6 Rf4 55. Rg6+ Kh4 56. g3+ 1-0

[Event "XXXIV C.to Italiano Seniores"]
[Site "Arvier ITA"]
[Date "2012.04.14"]
[Round "1"]
[White "Tedesco, Fernando"]
[Black "Antonelli, Fabrizio"]
[WhiteElo "1685"]
[BlackElo "2023"]
[Result "0-1"]
[PlyCount "54"]
[EventDate "2012.04.14"]

1. e4 c5 2. c3 d5 3. exd5 Qxd5 4. Nf3 Bg4 5. Qa4+ Bd7 6. Qc4 Nf6 7. Qxd5 Nxd5
8. d4 cxd4 9. Nxd4 Nc6 10. Nf3 e5 11. Bc4 Nb6 12. Be2 Be7 13. O-O O-O 14. Be3
Nd5 15. Bc1 Rad8 16. Bc4 Nb6 17. Bb3 Bg4 18. Ng5 h6 19. Ne4 Kh8 20. f3 Bc8 21.
Be3 Nd5 22. Bxd5 Rxd5 23. Nbd2 f5 24. c4 Rd3 25. Bc5 Bxc5+ 26. Nxc5 Rxd2 27.
Rf2 Rfd8 0-1

[Event "XXXIV C.to Italiano Seniores"]
[Site "Arvier ITA"]
[Date "2012.04.14"]
[Round "1"]
[White "Valenti, Giuseppe"]
[Black "Acunzo, Domenico"]
[WhiteElo "2138"]
[BlackElo "1717"]
[Result "1-0"]
[PlyCount "91"]
[EventDate "2012.04.14"]

1. e4 e6 2. d4 d5 3. Nd2 c5 4. exd5 exd5 5. Bb5+ Bd7 6. Bxd7+ Qxd7 7. Ngf3 Nf6
8. O-O Be7 9. dxc5 O-O 10. Nb3 Nc6 11. c3 Rfe8 12. Re1 Bf8 13. Be3 Ne5 14. Bd4
Nxf3+ 15. Qxf3 Qg4 16. Qxg4 Nxg4 17. f3 Nh6 18. Kf2 f6 19. Rxe8 Rxe8 20. Re1
Rxe1 21. Kxe1 Kf7 22. Na5 b6 23. cxb6 axb6 24. Bxb6 Nf5 25. Ke2 Ke6 26. Nb3 Bd6
27. g3 Kd7 28. a4 Ne7 29. Bc5 Nc8 30. Bxd6 Nxd6 31. Nd4 Nc4 32. b3 Ne5 33. f4
Nf7 34. Nb5 Nd8 35. Kd3 Ne6 36. b4 Kc8 37. Nd4 Nc7 38. c4 dxc4+ 39. Kxc4 Kb7
40. b5 Kb6 41. Nc6 Ne6 42. a5+ Kb7 43. Nd4 Nc7 44. Kc5 Na8 45. a6+ Kc8 46. b6
1-0

[Event "XXXIV C.to Italiano Seniores"]
[Site "Arvier ITA"]
[Date "2012.04.14"]
[Round "1"]
[White "Zangrando, Gianpietro"]
[Black "Galanti, Paolo"]
[WhiteElo "1780"]
[BlackElo "1416"]
[Result "1/2-1/2"]
[PlyCount "63"]
[EventDate "2012.04.14"]

1. Nf3 Nf6 2. c4 g6 3. Nc3 Bg7 4. e4 O-O 5. Be2 d6 6. d4 c6 7. O-O e5 8. Bg5
Nbd7 9. Qd2 Re8 10. dxe5 dxe5 11. Rad1 Qc7 12. Qc2 a6 13. b4 b6 14. Rd2 Bb7 15.
Rfd1 Rad8 16. h3 h6 17. Bh4 g5 18. Bg3 Nh5 19. Bxe5 Nxe5 20. Rxd8 Rxd8 21.
Rxd8+ Qxd8 22. Nxe5 Nf4 23. Nxf7 Nxe2+ 24. Qxe2 Kxf7 25. e5 Bc8 26. Qf3+ Kg8
27. Qxc6 Kf8 28. Nd5 Bxe5 29. Qxh6+ Bg7 30. Qc6 Bd4 31. Qh6+ Bg7 32. Qc6
1/2-1/2

[Event "XXXIV C.to Italiano Seniores"]
[Site "Arvier ITA"]
[Date "2012.04.15"]
[Round "2"]
[White "Acunzo, Domenico"]
[Black "Centofante, Maria Rosa"]
[WhiteElo "1717"]
[BlackElo "1608"]
[Result "1-0"]
[PlyCount "74"]
[EventDate "2012.04.14"]

1. e4 d5 2. exd5 Qxd5 3. Nc3 Qa5 4. d4 Nf6 5. Bd2 Qb6 6. Nf3 c6 7. Bc4 Bg4 8.
Bxf7+ Kxf7 9. Ne5+ Ke8 10. Nxg4 Qxd4 11. Nxf6+ exf6 12. Qe2+ Be7 13. O-O-O Qe5
14. Qxe5 fxe5 15. Rhe1 Nd7 16. f4 exf4 17. Bxf4 Kd8 18. Bc7+ Kxc7 19. Rxe7 Rad8
20. b4 a6 21. a4 Kc8 22. b5 g6 23. bxc6 bxc6 24. Ne4 Rhf8 25. Nd6+ Kb8 26. Nf7
Kc7 27. Ne5 Rf5 28. Nxd7 Rd5 29. Nf6+ Kb6 30. Nxd5+ cxd5 31. Rxh7 Ka5 32. Rd4
Rd6 33. Rh3 Kb6 34. Rb3+ Kc6 35. Rdd3 Kc5 36. Kb2 a5 37. Ka3 g5 1-0

[Event "XXXIV C.to Italiano Seniores"]
[Site "Arvier ITA"]
[Date "2012.04.15"]
[Round "2"]
[White "Antonelli, Fabrizio"]
[Black "Bisignano, Giuseppe"]
[WhiteElo "2023"]
[BlackElo "1850"]
[Result "1-0"]
[PlyCount "145"]
[EventDate "2012.04.14"]

1. e4 e5 2. Nf3 Nc6 3. Bb5 a6 4. Ba4 Nf6 5. O-O Be7 6. Qe2 b5 7. Bb3 O-O 8. a4
b4 9. a5 Bb7 10. d3 Re8 11. Bg5 d6 12. Nbd2 Ng4 13. Bxe7 Qxe7 14. h3 Nh6 15.
Nc4 g6 16. Ne3 Nd8 17. Qd2 Rb8 18. Qxb4 Ne6 19. Qd2 Kg7 20. Kh2 Nf4 21. g3 Ne6
22. Rae1 Qf6 23. Ng1 Nd4 24. Bc4 c6 25. f4 Bc8 26. fxe5 Qxe5 27. c3 Ne6 28. d4
Qh5 29. Qe2 Qxa5 30. b4 Qb6 31. Qf3 Qd8 32. e5 Ng5 33. Qf4 d5 34. Bd3 a5 35.
bxa5 Rb2+ 36. Re2 Rxe2+ 37. Bxe2 Ne4 38. c4 Qxa5 39. cxd5 cxd5 40. Ng4 Bxg4 41.
hxg4 Qc3 42. g5 Nf5 43. Rf3 Qd2 44. Qxd2 Nxd2 45. Rd3 Nc4 46. Bg4 Nce3 47. Bxf5
Nxf5 48. Nf3 h6 49. g4 Ne7 50. gxh6+ Kxh6 51. Kg3 Rc8 52. Rb3 Rc7 53. Rb6 Rc6
54. Rb7 Re6 55. Rd7 g5 56. Kf2 Kg6 57. Rd6 Kg7 58. Rxe6 fxe6 59. Nxg5 Nc6 60.
Nxe6+ Kf7 61. Ng5+ Kg6 62. Nf3 Kh6 63. Ke3 Kg6 64. Kf4 Nd8 65. Nh4+ Kf7 66. Kf5
Ne6 67. Nf3 Ng7+ 68. Kg5 Ne6+ 69. Kh6 Nf4 70. Kh7 Ne6 71. g5 Kf8 72. g6 Ng7 73.
Ng5 1-0

[Event "XXXIV C.to Italiano Seniores"]
[Site "Arvier ITA"]
[Date "2012.04.15"]
[Round "2"]
[White "Beltrami, Nerio"]
[Black "Laco, Giuseppe"]
[WhiteElo "1934"]
[BlackElo "2098"]
[Result "1-0"]
[PlyCount "75"]
[EventDate "2012.04.14"]

1. e4 c5 2. Nf3 a6 3. d4 cxd4 4. Nxd4 Nf6 5. Bd3 Nc6 6. Nxc6 dxc6 7. O-O e5 8.
Nd2 Bc5 9. h3 Qe7 10. Nf3 h6 11. Qe1 g5 12. Be3 Bxe3 13. fxe3 g4 14. hxg4 Nxg4
15. Bc4 Be6 16. Bxe6 Qxe6 17. Rd1 O-O 18. Nh4 Rad8 19. Qg3 Kh7 20. Nf5 Rxd1 21.
Rxd1 Rg8 22. b3 Nf6 23. Qh4 Ne8 24. g3 Rg6 25. Rd8 Ng7 26. Qh3 Qf6 27. Rd7 b5
28. Kg2 Ne8 29. Kf2 Rg5 30. Rxf7+ Qxf7 31. Qxh6+ Kg8 32. Qxg5+ Kh7 33. Qe7 Kg6
34. Qxe5 Nf6 35. Kg2 Qd7 36. Nd4 Qb7 37. Qf5+ Kg7 38. Ne6+ 1-0

[Event "XXXIV C.to Italiano Seniores"]
[Site "Arvier ITA"]
[Date "2012.04.15"]
[Round "2"]
[White "Berendino, Giacomo"]
[Black "Rosino, Antonio"]
[WhiteElo "1576"]
[BlackElo "2234"]
[Result "0-1"]
[PlyCount "44"]
[EventDate "2012.04.14"]

1. d4 Nf6 2. Nf3 g6 3. g3 Bg7 4. Bg2 d5 5. O-O O-O 6. b3 c5 7. e3 Nc6 8. Bb2
Qc7 9. Nbd2 Bf5 10. Re1 Nb4 11. e4 Nxe4 12. Nh4 cxd4 13. Nxf5 gxf5 14. Qe2 Qxc2
15. Nf3 d3 16. Qxc2 Nxc2 17. Bxg7 Kxg7 18. Red1 Nxa1 19. Rxa1 Rac8 20. Nh4 e6
21. f3 Nc3 22. Bf1 d2 0-1

[Event "XXXIV C.to Italiano Seniores"]
[Site "Arvier ITA"]
[Date "2012.04.15"]
[Round "2"]
[White "Brioschi, Camillo"]
[Black "Guaglianone, Mario"]
[WhiteElo "1839"]
[BlackElo "2016"]
[Result "0-1"]
[PlyCount "56"]
[EventDate "2012.04.14"]

1. d4 Nf6 2. c4 e6 3. Nc3 Bb4 4. e3 O-O 5. Bd3 Bxc3+ 6. bxc3 d6 7. e4 e5 8. Bg5
c5 9. Ne2 h6 10. Bh4 g5 11. Bg3 Nc6 12. h4 g4 13. Qd2 Kg7 14. d5 Nb8 15. h5 Nh7
16. Bh4 f6 17. Ng3 Ng5 18. Qe2 Kh7 19. Rb1 b6 20. Bxg5 hxg5 21. Nf5 Bxf5 22.
exf5 Nd7 23. Be4 Rb8 24. a4 a6 25. Kd2 b5 26. axb5 axb5 27. cxb5 c4 28. Bc2 Qb6
0-1

[Event "XXXIV C.to Italiano Seniores"]
[Site "Arvier ITA"]
[Date "2012.04.15"]
[Round "2"]
[White "Catalfamo, Santo"]
[Black "Zangrando, Gianpietro"]
[WhiteElo "1794"]
[BlackElo "1780"]
[Result "0-1"]
[PlyCount "60"]
[EventDate "2012.04.14"]

1. e4 e6 2. d3 b6 3. Nf3 Bb7 4. Nbd2 Ne7 5. Be2 g6 6. O-O Bg7 7. h3 Nbc6 8. Nb3
a5 9. a4 d5 10. exd5 Nxd5 11. c3 O-O 12. Nh2 Qd6 13. f4 Rad8 14. d4 Nce7 15. g4
c5 16. dxc5 bxc5 17. c4 Qb6 18. Qc2 Nb4 19. Qb1 Nbc6 20. Ra3 Nd4 21. Nxd4 cxd4
22. Qd3 Nc6 23. Bd2 Nb4 24. Bxb4 axb4 25. Rb3 Qc5 26. Bf3 Ba6 27. Be2 Rc8 28.
Rc1 Rfd8 29. Qd2 d3+ 30. Kf1 dxe2+ 0-1